(NEW) Similar Player Names - Statistics

General Stats
  • This quiz has been taken 232 times
    117 since last reset
  • The average score is 20 of 33
Answer Stats
Teams Player % Correct
Team Heretics Boo
97%
NRG s0m
97%
Team Heretics MiniBoo
96%
Evil Geniuses / LEVIATÁN c0m
94%
NRG / The Guard / LEVIATÁN tex
86%
Guild Esports / KOI / Team Vitality / Team Liquid trexx
85%
LOUD / Team Vitality Less
81%
Paper Rex Jinggg
79%
100 Thieves Kess
77%
KRÜ Esports / LEVIATÁN / KRÜ Esports keznitdeuS
75%
Apeks / FNATIC kaajak
72%
KRÜ Esports Dantedeu5
71%
LEVIATÁN kiNgg
71%
FURIA / MIBR mazin
67%
KRÜ Esports / LEVIATÁN / KRÜ Esports Mazino
67%
KOI / Team Liquid kamo
64%
FaZe Clan / G2 Esports babybay
63%
Cloud9 / Sentinels TenZ
63%
DRX / Gen.G Foxy9
62%
G2 Esports / Cloud9 OXY
58%
FNATIC / Team Liquid / Gentle Mates kamyk
52%
Titan Esports Club Coco
49%
Xi Lai Gaming coconut
49%
Trace Esports heybay
45%
ZETA DIVISION TenTen
45%
Dragon Ranger Gaming Akeman
38%
DetonatioN FocusMe / ZETA DIVISION TENNN
38%
DetonatioN FocusMe Akame
34%
ТАLON foxz
31%
TYLOO / Trace Esports LuoK1ng
28%
Gentle Mates Veqaj
28%
Wolves Esports / JDG Esports Babyblue
24%
ZETA DIVISION / DetonatioN FocusMe takej
15%
No matching quizzes found
Score Distribution
Percent of People with Each Score
Percentile by Number Answered
Your Score History
You have not taken this quiz since the last reset